<?xml version="1.0" encoding="UTF-8"?>
<marc:record xmlns:marc="http://www.loc.gov/MARC21/slim">
   <marc:leader>00000nam a2200000 a 4500</marc:leader>
   <marc:datafield ind1="1" ind2=" " tag="100">
      <marc:subfield code="a">Schinegger, Erik</marc:subfield>
      <marc:subfield code="4">aut</marc:subfield>
      <marc:subfield code="e">Verfasser/-in</marc:subfield>
   </marc:datafield>
   <marc:datafield ind1="0" ind2="0" tag="245">
      <marc:subfield code="a">Der Mann, der Weltmeisterin wurde</marc:subfield>
   </marc:datafield>
   <marc:datafield ind1="0" ind2="0" tag="245">
      <marc:subfield code="b">Meine zwei Leben</marc:subfield>
   </marc:datafield>
   <marc:datafield ind1="0" ind2="0" tag="245">
      <marc:subfield code="c">Erik Schinegger ; aufgezeichnet von Claudio Honsal</marc:subfield>
   </marc:datafield>
   <marc:datafield ind1=" " ind2="1" tag="264">
      <marc:subfield code="a">Wien</marc:subfield>
      <marc:subfield code="b">Amalthea</marc:subfield>
      <marc:subfield code="c">2018</marc:subfield>
   </marc:datafield>
   <marc:datafield ind1="1" ind2=" " tag="520">
      <marc:subfield code="a">1966 gewinnt Erika Schinegger bei der Ski-WM in Portillo die Goldmedaille in der Abfahrt. Ein Jahr später erfährt sie das Unglaubliche: Sie ist von Geburt an ein Mann. Heute blickt Erik Schinegger auf zwei ereignisreiche Leben zurück. Authentisch und ohne Angst vor Tabus erzählt er von seinen Erfolgsjahren als Skiläuferin, von seiner Identitätskrise und der schwierigen Zeit der Richtigstellung zum Mann, den Reaktionen von Freunden, Familie und Öffentlichkeit, von seiner Entwicklung vom Super-Macho zum liebevollen Familienvater, und davon, wie er es schaffte, als erfolgreicher Skischulbesitzer einen neuen Lebensweg zu beschreiten. Die Autobiografie gibt intime Einblicke in die zwei Leben des Erik Schinegger, in Glücks- und Verzweiflungsmomente eines Mannes, der bis heute den Titel Weltmeisterin trägt und dem der Skisport sein Leben gerettet hat. Mit einem Vorwort von Ski-Legende Karl Schranz. (Verlagstext)</marc:subfield>
   </marc:datafield>
   <marc:datafield ind1=" " ind2=" " tag="020">
      <marc:subfield code="a">9783990501146</marc:subfield>
      <marc:subfield code="9">9783990501146</marc:subfield>
   </marc:datafield>
   <marc:datafield ind1=" " ind2=" " tag="300">
      <marc:subfield code="a">251 Seiten : Illustr</marc:subfield>
   </marc:datafield>
</marc:record>
